000
00283nam a22001217a 4500
041
_a
ENG
100
_a
Nair.K
245
_a
Impromptu Speech Flow Techniques
260
_a
Delhi
_b
Adult Facultes
_c
2003
300
_a
48
650
_a
Competitive Exam
856
_u
Competitive Exam ( 35 )
999
_c
976
_d
976